[Event "ICS rated blitz match"]
[Site "204.178.125.65"]
[Date "1999.11.07"]
[Round "?"]
[White "Hossa"]
[Black "speedythought"]
[Result "1-0"]
[WhiteElo "2529"]
[BlackElo "2236"]
[PlyCount "47"]
[EventDate "1999.??.??"]

1. e4 c5 2. Nf3 a6 3. Nc3 Nc6 4. Bc4 e6 5. d3 Nge7 6. Bb3 d5 7. exd5 exd5 8.
O-O b5 9. a3 c4 10. dxc4 dxc4 11. Qxd8+ Nxd8 12. Ba2 f6 13. Re1 Kf7 14. a4 b4
15. Ne4 Nec6 16. Bxc4+ Be6 17. Nfg5+ fxg5 18. Nxg5+ Kf6 19. Nxe6 Ne5 20. Bg5+
Kf5 21. Rxe5+ Kxe5 22. Re1+ Kf5 23. Bd3+ Kg4 24. f3+ {speedythought resigns}
1-0

[Event "ICS rated blitz match"]
[Site "204.178.125.65"]
[Date "1999.11.07"]
[Round "?"]
[White "Hossa"]
[Black "speedythought"]
[Result "1-0"]
[WhiteElo "2534"]
[BlackElo "2221"]
[PlyCount "49"]
[EventDate "1999.??.??"]

1. e4 c5 2. Nf3 a6 3. Nc3 Nc6 4. Bc4 e6 5. d3 b5 6. Bb3 Nge7 7. Be3 d6 8. O-O
e5 9. Ng5 Be6 10. Bxe6 fxe6 11. Qh5+ g6 12. Qf3 Qd7 13. Qf7+ Kd8 14. Nxe6+ Kc8
15. Nxf8 Qc7 16. Qf6 Rg8 17. Nd5 Nxd5 18. Qe6+ Kb7 19. Qxg8 Nf6 20. Qh8 Qe7 21.
Bh6 Nd8 22. Bg5 Nf7 23. Bxf6 Qxf8 24. Qxh7 Kc6 25. Qxg6 {speedythought resigns}
1-0

[Event "ICS rated blitz match"]
[Site "204.178.125.65"]
[Date "1999.11.07"]
[Round "?"]
[White "speedythought"]
[Black "Hossa"]
[Result "0-1"]
[WhiteElo "2216"]
[BlackElo "2539"]
[PlyCount "48"]
[EventDate "1999.??.??"]

1. e4 e5 2. Nf3 Nf6 3. Nxe5 d6 4. Nf3 Nxe4 5. d4 Nf6 6. Bd3 Be7 7. O-O Nc6 8.
c3 O-O 9. Nbd2 Re8 10. Qc2 d5 11. Ng5 g6 12. f4 Ng4 13. Ndf3 Bf6 14. f5 Ne7 15.
Nxf7 Kxf7 16. fxg6+ Nxg6 17. Bxg6+ hxg6 18. h3 Bf5 19. Ng5+ Kg8 20. Rxf5 gxf5
21. hxg4 Bxg5 22. Qxf5 Re1+ 23. Kf2 Rxc1 24. Qg6+ 24... Kh8 {
speedythought resigns} 0-1

[Event "ICS Rated blitz match"]
[Site "204.178.125.65"]
[Date "1999.11.07"]
[Round "?"]
[White "Hossa"]
[Black "speedythought"]
[Result "1-0"]
[WhiteElo "2543"]
[BlackElo "2212"]
[PlyCount "51"]
[EventDate "1999.??.??"]

1. e4 c5 2. Nf3 Nc6 3. Bb5 Qc7 4. d3 g6 5. O-O Bg7 6. Nc3 e6 7. Be3 Nd4 8. Bc4
a6 9. Re1 Ne7 10. Bg5 f6 11. Be3 Nxf3+ 12. Qxf3 O-O 13. Qh3 d5 14. exd5 b5 15.
Qf3 bxc4 16. d6 Qxd6 17. Qxa8 cxd3 18. cxd3 Qc7 19. Ne4 Bb7 20. Qa7 f5 21. Nxc5
Rb8 22. Nxe6 Qc6 23. Qxb8+ Kf7 24. Ng5+ Kf6 25. Bd4+ Kxg5 26. Qg3+ {
speedythought resigns} 1-0

[Event "ICS rated blitz match"]
[Site "204.178.125.65"]
[Date "1999.11.07"]
[Round "?"]
[White "speedythought"]
[Black "Hossa"]
[Result "0-1"]
[WhiteElo "2208"]
[BlackElo "2547"]
[PlyCount "72"]
[EventDate "1999.??.??"]

1. e4 e5 2. Nf3 Nf6 3. Nxe5 d6 4. Nf3 Nxe4 5. d4 Nf6 6. Bd3 Be7 7. O-O Nc6 8.
c3 O-O 9. Nbd2 Re8 10. Qc2 d5 11. Ng5 g6 12. f4 Ng4 13. Ndf3 Bf6 14. f5 Ne7 15.
Nxf7 Kxf7 16. fxg6+ Nxg6 17. h3 Kg7 18. hxg4 Bxg4 19. Bd2 Qd6 20. Rae1 Qg3 21.
Rxe8 Rxe8 22. Be1 Rxe1 23. Nxe1 Bg5 24. Bxg6 Be3+ 25. Rf2 hxg6 26. Kf1 Qh2 27.
Rf3 Qg1+ 28. Ke2 Bf2 29. Qc1 c6 30. Nd3 Qxg2 31. Qf4 Bg3+ 32. Ke3 Bxf4+ 33.
Nxf4 Qxf3+ 34. Kd2 Qf2+ 35. Kc1 Qe1+ 36. Kc2 36... Qd1# {
speedythought checkmated} 0-1

[Event "ICS rated blitz match"]
[Site "204.178.125.65"]
[Date "1999.11.07"]
[Round "?"]
[White "Zamolxes"]
[Black "Hossa"]
[Result "1/2-1/2"]
[WhiteElo "2261"]
[BlackElo "2523"]
[PlyCount "202"]
[EventDate "1999.??.??"]

1. e4 e5 2. Nf3 Nf6 3. Nxe5 d6 4. Nf3 Nxe4 5. d4 Nf6 ({0.36 Hiarcs 7.32:} 5...
d5 6. Bd3 Bd6 7. Nbd2 Bf5 8. Qe2 Qe7 9. Nxe4 9... Bxe4 {0.10/7}) 6. Bd3 Be7 7.
O-O Nc6 8. c3 O-O 9. h3 Re8 ({0.38 Hiarcs 7.32:} 9... Be6 10. Qc2 Bd5 11. Bg5
Be4 12. Bxe4 12... Nxe4 {0.13/7}) 10. Re1 Bd7 11. Nbd2 d5 12. Nf1 Bc8 ({
0.63 Hiarcs 7.32:} 12... Bd6 13. Rxe8+ Qxe8 14. Bg5 Ne4 15. Qb3 15... Be6 {
0.27/8}) 13. Bf4 Nh5 14. Bh2 Rb8 15. Ne5 Nf6 16. Nxc6 bxc6 17. b4 Bb7 18. a3
Bd6 19. Bxd6 Rxe1 20. Qxe1 Qxd6 21. Qe3 Re8 22. Qf3 Re6 23. Ng3 Qe7 24. Rf1 Re1
25. Nf5 Qe6 26. Ne3 Rxf1+ 27. Kxf1 Qd6 28. Nf5 Qh2 29. Qg3 Qxg3 30. Nxg3 Bc8
31. f4 Kf8 32. Kf2 Ke7 33. Ke3 Kf8 ({1.12 Hiarcs 7.32:} 33... h5 34. Ne2 Ne8
35. Ng1 {0.86/8}) 34. Ne2 h5 35. Ng1 Ke7 36. Nf3 Bb7 37. Ne5 Nd7 38. Nxd7 Kxd7
39. Be2 h4 40. Kf3 f5 41. g3 hxg3 42. Kxg3 Ke7 43. Kh4 Kf6 44. Bh5 Ba6 45. Be8
Bb5 46. Bd7 g6 47. Be8 Ba4 48. Kg3 Bb5 49. h4 Ba4 50. h5 gxh5 51. Kh4 Ke7 52.
Bxh5 Kf6 53. Bf3 Bb5 54. Kh5 Bd3 55. Kh6 Bc4 56. Bh5 Bb5 57. Kh7 Ba4 58. Kg8
Bb5 59. Kf8 Ke6 60. Kg7 Ke7 61. Bg6 Bd3 62. Bh7 Bc2 63. Kg6 Be4 64. Kg5 Ke6 65.
Bg6 Bc2 ({1.41 Hiarcs 7.32:} 65... Bd3 66. a4 Bc2 67. Bh7 Bd3 68. a5 a6 69. Bg6
Bc2 70. Bh5 {0.63/11}) 66. Be8 Ba4 67. Bh5 Bb5 68. Bd1 Bd3 69. a4 a6 ({
2.21 Hiarcs 7.32:} 69... Ke7 70. Bh5 Bc2 71. Be2 Be4 72. Ba6 Kd7 73. Kg6 {
0.92/10}) 70. a5 Ke7 71. Kg6 Ke6 72. Kg7 c5 73. bxc5 Ke7 74. Kg6 Ke6 75. Kg5
Ke7 76. Ba4 Kd8 ({4.46 Hiarcs 7.32:} 76... Ke6 77. Kg6 Ke7 78. Bc6 Ke6 79. Bb7
Kd7 80. Bxd5 c6 81. Bf3 {2.49/11}) 77. Bc6 Be4 78. Bb7 Bd3 79. Bxd5 Ke7 80. Bg8
Kd7 81. d5 Ke7 82. Kg6 Bc2 83. Be6 Be4 84. Kg5 Bd3 85. Bxf5 Bc4 86. Be6 c6 87.
f5 cxd5 88. c6 Kd6 89. Bd7 Bb5 ({14.91 Hiarcs 7.32:} 89... Kc7 90. f6 d4 91.
cxd4 Bf7 92. Kh6 Kb8 93. Kg7 93... Bc4 {9.54/11}) 90. f6 d4 91. cxd4 Bc4 92.
Kg6 Bb3 ({26.77 Hiarcs 7.32:} 92... Bd5 93. f7 Ke7 94. f8=Q+ Kxf8 95. c7 Bb7
96. Kf6 {18.05/10}) 93. Kg7 Bc4 94. f7 Bxf7 95. Kxf7 Kd5 96. Ke7 Kc4 97. c7
Kxd4 ({27.38 Hiarcs 7.32:} 97... Kd5 98. c8=Q Kxd4 99. Bg4 Kd3 100. Qc1 Kd4
101. Qd2+ Ke4 102. Qc3 {#10/10}) 98. c8=Q Ke3 ({#15 Hiarcs 7.32:} 98... Kd3 99.
Qxa6+ {27.38/7}) 99. Qxa6 Kf4 100. Qd6+ Kf3 101. a6 101... Ke4 {
Zamolxes ran out of time and Hossa has no material to mate} 1/2-1/2

[Event "ICS rated blitz match"]
[Site "204.178.125.65"]
[Date "1999.11.07"]
[Round "?"]
[White "Hossa"]
[Black "Zamolxes"]
[Result "1-0"]
[WhiteElo "2513"]
[BlackElo "2271"]
[PlyCount "157"]
[EventDate "1999.??.??"]

1. d4 Nf6 2. c4 d6 3. Nc3 Nbd7 4. e4 e5 5. Nf3 Be7 6. Bd3 O-O 7. O-O Re8 8. d5
Rf8 9. Be3 b6 10. Bb1 a5 11. Nd2 Nc5 12. Qe2 Ng4 13. Qf3 Nxe3 14. fxe3 Bg5 15.
Nb5 Bh6 16. Rf2 Bd7 17. a4 Bxb5 18. axb5 Qg5 19. Ra3 Rae8 20. Qh3 g6 21. Nf3
Qh5 22. Qxh5 gxh5 23. Nh4 Bg5 24. Nf5 h4 25. Rf3 f6 26. Kf2 h6 27. Bc2 Kh7 28.
Ra1 Rg8 29. Rf1 Kg6 30. Ke2 Kh7 31. Kd2 Ra8 32. Kc3 a4 33. Kb4 Ra5 34. R3f2
Rga8 35. Ka3 R5a7 36. Rf3 Ra5 37. Ra1 R5a7 38. Kb4 Ra5 39. Ra3 R5a7 40. Ra2 Ra5
41. Kc3 R5a7 42. Ra3 Ra5 43. Kd2 R5a7 44. Ke2 Ra5 45. Ra1 R5a7 46. Ne7 a3 47.
Nc6 a2 48. Nxa7 Rxa7 49. b4 Nd7 50. Bb3 Ra3 51. Bxa2 Nf8 52. Kd2 Ng6 53. Rh3
Ne7 54. Ke2 f5 55. Rf3 f4 56. exf4 exf4 57. Rxa3 Ng6 58. Rf1 Ne5 59. Rh1 Kg6
60. h3 Kf6 61. Ra7 Ng6 62. Rxc7 Ne7 63. Rb7 h5 64. Rxb6 Bh6 65. Rxd6+ Kg7 66.
c5 Ng6 67. b6 f3+ 68. Kxf3 Ne5+ 69. Ke2 Bf4 70. b7 Nf7 71. b8=Q Bxd6 72. Qxd6
Nxd6 73. cxd6 Kf6 74. Rf1+ Ke5 75. d7 Kd4 76. d8=Q Kc3 77. Qc7+ Kb2 78. Qc4 Ka3
79. Qb3# {Zamolxes checkmated} 1-0

[Event "ICS rated blitz match"]
[Site "204.178.125.65"]
[Date "1999.11.07"]
[Round "?"]
[White "Hossa"]
[Black "Zamolxes"]
[Result "1-0"]
[WhiteElo "2536"]
[BlackElo "2248"]
[PlyCount "51"]
[EventDate "1999.??.??"]

1. d4 Nf6 2. c4 d6 3. Nc3 g6 4. e4 Bg7 5. g3 O-O 6. Bg2 c5 7. d5 e5 8. Nf3 Na6
9. O-O Nc7 10. Bg5 a6 11. Qb3 Rb8 12. Nd2 b5 13. f4 h6 14. fxe5 hxg5 15. exf6
Bxf6 16. Rab1 g4 17. Ne2 Be5 18. Qe3 Kg7 19. b4 cxb4 20. Rxb4 Bd7 21. Nd4 bxc4
22. Rxb8 Qxb8 23. Nxc4 Qa7 24. Nf5+ gxf5 25. Qxa7 Bb5 26. Qxc7 {
Zamolxes resigns} 1-0

[Event "ICS rated blitz match"]
[Site "204.178.125.65"]
[Date "1999.11.07"]
[Round "?"]
[White "Zamolxes"]
[Black "Hossa"]
[Result "0-1"]
[WhiteElo "2243"]
[BlackElo "2541"]
[PlyCount "97"]
[EventDate "1999.??.??"]

1. e4 e5 2. Nf3 Nf6 3. Nxe5 d6 4. Nf3 Nxe4 5. d4 Nf6 6. Bd3 Be7 7. O-O Nc6 8.
h3 O-O 9. c3 Re8 10. Re1 Bd7 11. Bf4 d5 12. Nbd2 Bc8 13. Ne5 Nxe5 14. dxe5 Nd7
15. Qc2 Nf8 16. Rad1 c5 17. Nf3 Ng6 18. Bh2 Be6 19. Bf5 Qd7 20. Bxe6 fxe6 21.
Bg3 Rf8 22. Qe2 Rf5 23. c4 d4 24. Qd3 Rd8 25. Re4 Qa4 26. a3 a5 27. Rd2 Rd7 28.
Ne1 Bg5 29. Rde2 Bf4 30. Kh2 Bxg3+ 31. fxg3 Rf1 32. Rd2 Rdf7 33. Nf3 Rc1 34.
Rde2 Qxc4 35. Qxc4 Rxc4 36. Ng5 Re7 37. Rf2 Rc1 38. b4 b6 39. bxc5 bxc5 40. Rb2
Re8 41. Rb6 Nf8 42. Rf4 d3 43. Nf3 c4 44. Rc6 c3 45. Rfc4 d2 46. Nxd2 cxd2 47.
Rxc1 dxc1=Q 48. Rxc1 Nd7 49. Rc5 {Zamolxes resigns} 0-1

[Event "ICS rated blitz match"]
[Site "204.178.125.65"]
[Date "1999.11.07"]
[Round "?"]
[White "Hossa"]
[Black "ljb"]
[Result "1-0"]
[WhiteElo "2551"]
[BlackElo "2144"]
[PlyCount "105"]
[EventDate "1999.??.??"]

1. d4 e6 2. Nf3 d5 3. e3 f5 4. c4 c6 5. Bd3 Bd6 6. O-O Nf6 7. b3 O-O 8. Ba3
Bxa3 9. Nxa3 a6 10. Ne5 Nbd7 11. f4 Nxe5 12. fxe5 Ne4 13. Qh5 Qe7 14. Bxe4 Qxa3
15. Bd3 Qe7 16. cxd5 cxd5 17. Rac1 Bd7 18. Rc7 Rab8 19. Rf2 Rfc8 20. Rfc2 Rxc7
21. Rxc7 Qd8 22. Rc5 Bc6 23. a3 g6 24. Qh6 Qf8 25. Qxf8+ Kxf8 26. Bxa6 Ra8 27.
Bb5 Rxa3 28. Bxc6 bxc6 29. Rxc6 Ke7 30. Rc7+ Kd8 31. Rxh7 Rxb3 32. Rg7 Rxe3 33.
Rxg6 Ke7 34. Rg7+ Kf8 35. Rb7 Re2 36. Rb4 Kg7 37. h4 Kg6 38. Rb6 Kf7 39. g3 Rd2
40. Rb7+ Kg6 41. Re7 Rxd4 42. Rxe6+ Kh5 43. Rf6 Kg4 44. Kf2 Re4 45. Rg6+ Kh3
46. Kf3 d4 47. Rd6 Re3+ 48. Kf4 Rxg3 49. Kxf5 d3 50. Ke4 Kxh4 51. Rxd3 Rg1 52.
e6 Kg5 53. e7 {ljb resigns} 1-0

[Event "ICS rated blitz match"]
[Site "204.178.125.65"]
[Date "1999.11.07"]
[Round "?"]
[White "ljb"]
[Black "Hossa"]
[Result "0-1"]
[WhiteElo "2141"]
[BlackElo "2554"]
[PlyCount "28"]
[EventDate "1999.??.??"]

1. e4 e5 2. Nf3 Nf6 3. d3 Nc6 4. Bg5 Bc5 5. Be2 O-O 6. O-O d6 7. Nc3 h6 8. Bh4
g5 9. Bg3 g4 10. Nh4 Nd4 11. Qd2 Bd7 12. Qxh6 Nxc2 13. Rac1 Nd4 14. f4 14...
Nf5+ {ljb resigns} 0-1

[Event "ICS rated blitz match"]
[Site "204.178.125.65"]
[Date "1999.11.07"]
[Round "?"]
[White "Hossa"]
[Black "ljb"]
[Result "0-1"]
[WhiteElo "2557"]
[BlackElo "2138"]
[PlyCount "69"]
[EventDate "1999.??.??"]

1. d4 Nf6 2. c4 ({0.38 Hiarcs 7.32:} 2. Bf4 2... d5 3. e3 Bf5 4. Nf3 e6 5. Bd3
Bxd3 6. Qxd3 {0.11/8}) 2... g6 3. Nc3 Bg7 4. e4 d6 5. Nf3 O-O 6. Be2 e5 7. O-O
Nc6 8. d5 Ne7 9. b4 ({0.38 Hiarcs 7.32:} 9. Bg5 9... Bd7 10. Qd2 a5 11. c5
11... a4 {0.65/8}) 9... a5 10. bxa5 Rxa5 11. Nd2 ({0.08 Hiarcs 7.32:} 11. Rb1
11... b6 12. Bg5 Bd7 13. Qd2 Ra3 14. Rfc1 {0.36/8}) 11... Ra8 12. Bb2 Nd7 13.
Qb3 b6 14. Rad1 ({-0.37 Hiarcs 7.32:} 14. Qb4 14... Nc5 15. Nb3 Bd7 16. Nxc5
dxc5 17. Qb3 17... f5 {0.09/7}) 14... Nc5 15. Qb4 f5 16. f3 f4 17. Nb3 g5 18.
Rb1 h5 19. Nxc5 bxc5 20. Qb3 g4 21. fxg4 hxg4 22. Rf2 ({0.23 Hiarcs 7.32:} 22.
Qd1 22... Qd7 23. a4 Rf6 24. Qd3 Bb7 25. Ba3 25... Ba6 {0.75/8}) 22... Ng6 23.
Nb5 Bd7 24. Bd1 ({-0.13 Hiarcs 7.32:} 24. Bc3 24... Nh4 25. Bd2 f3 26. gxf3
Nxf3+ 27. Bxf3 Rxf3 28. Rxf3 gxf3 29. Qxf3 29... Rxa2 {0.23/7}) 24... Qh4 25.
Bc2 ({-9.43 Hiarcs 7.32:} 25. g3 25... Qh3 26. Nxc7 fxg3 27. Qxg3 Rxa2 28. Ne6
{-0.13/5}) 25... g3 26. hxg3 ({-13.69 Hiarcs 7.32:} 26. Rf3 26... Qxh2+ 27. Kf1
Qh1+ 28. Ke2 Qxg2+ 29. Ke1 Bg4 30. Bd1 Nh4 31. Rf1 Qxe4+ 32. Kd2 32... Qxb1 {
-9.43/7}) 26... fxg3 27. Rf5 Qh2+ 28. Kf1 Nh4 29. Ke1 Bxf5 30. Bd3 ({
-#9 Hiarcs 7.32:} 30. Bc1 30... Qxg2 31. exf5 Qf2+ 32. Kd1 g2 33. Qg3 g1=Q+ 34.
Qxg1 Qxg1+ 35. Ke2 35... Nxf5 {-15.70/5}) 30... Bh6 31. Bf1 Bxe4 32. Bd4 Rxf1+
33. Kxf1 Rf8+ 34. Ke2 Qxg2+ 35. Bf2 {Hossa resigns} 0-1

[Event "ICS rated blitz match"]
[Site "204.178.125.65"]
[Date "1999.11.07"]
[Round "?"]
[White "Zamolxes"]
[Black "Hossa"]
[Result "0-1"]
[WhiteElo "2219"]
[BlackElo "2528"]
[PlyCount "50"]
[EventDate "1999.??.??"]

1. b3 e5 2. Bb2 Nc6 3. g3 d5 4. Bg2 Nf6 5. e3 Be7 6. d3 O-O 7. Ne2 Bf5 8. Nd2
Qd7 9. h3 Bb4 10. a3 Bc5 11. g4 Be6 12. Ng3 Qd6 13. O-O Rad8 14. Qe2 Ne8 15. e4
Nd4 16. Qd1 Bb6 17. Nf5 Bxf5 18. gxf5 dxe4 19. Bxe4 Qh6 20. Kg2 Nd6 21. Bxd4
Bxd4 22. Rb1 Bc3 23. f4 exf4 24. Rf2 Bxd2 25. Rxd2 25... Nxe4 {Zamolxes resigns
} 0-1

[Event "ICS rated bullet match"]
[Site "204.178.125.65"]
[Date "1999.11.07"]
[Round "?"]
[White "Cinpre"]
[Black "Hossa"]
[Result "0-1"]
[WhiteElo "1400"]
[BlackElo "2407"]
[PlyCount "82"]
[EventDate "1999.??.??"]

1. e4 e5 2. Nf3 Nf6 3. Nc3 Bb4 4. Bc4 d6 5. Ng5 O-O 6. O-O h6 7. Nf3 Be6 8. d3
Bxc4 9. dxc4 Bxc3 10. bxc3 Nxe4 11. Qd3 Nc5 12. Qd5 Nbd7 13. Be3 Nb6 14. Qd2 e4
15. Nd4 Nxc4 16. Qe2 Nxe3 17. Qxe3 Qg5 18. Qxg5 hxg5 19. Nf5 Rfe8 20. Rfe1 Re5
21. Ng3 f5 22. f3 e3 23. Nf1 Rae8 24. Ng3 f4 25. Nh5 Rf8 26. a4 g6 27. a5 gxh5
28. a6 bxa6 29. Ra5 Ra8 30. Rb1 h4 31. Kf1 e2+ 32. Ke1 Kg7 33. Rb4 Kf6 34. Re4
Nxe4 35. fxe4 Rxa5 36. c4 Re8 37. Kxe2 Rxe4+ 38. Kf3 Re3+ 39. Kg4 Rf5 40. h3
Kg6 41. g3 41... Rxg3# {Cinpre checkmated} 0-1

[Event "ICS rated blitz match"]
[Site "204.178.125.65"]
[Date "1999.11.07"]
[Round "?"]
[White "Hossa"]
[Black "PostModernist"]
[Result "0-1"]
[WhiteElo "2533"]
[BlackElo "2619"]
[PlyCount "151"]
[EventDate "1999.??.??"]

1. e4 c5 2. Nf3 d6 3. Nc3 Nf6 4. e5 ({0.27 Hiarcs 7.32:} 4. d4 4... cxd4 5.
Nxd4 e5 6. Bb5+ Bd7 7. Bxd7+ Qxd7 8. Nb3 Qg4 9. Qxg4 9... Nxg4 {0.61/7}) 4...
dxe5 5. Nxe5 a6 6. Bc4 e6 7. O-O b5 8. Be2 Bd6 9. Bf3 Ra7 10. Re1 ({
0.13 Hiarcs 7.32:} 10. d4 10... O-O 11. Bf4 Bb7 12. dxc5 12... Bxc5 {0.39/7})
10... O-O 11. d3 Bxe5 12. Rxe5 Nbd7 13. Rg5 Qe7 14. Rg3 Ne5 15. Bg5 Rd8 16. Qe2
({0.55 Hiarcs 7.32:} 16. a4 16... b4 17. Ne4 Ng6 18. Nxf6+ gxf6 19. Be3 Rad7
20. Bc6 {0.89/7}) 16... Ng6 17. Qe3 Rc7 18. a4 b4 19. Ne4 Bb7 20. Bxf6 ({
0.28 Hiarcs 7.32:} 20. Nxf6+ 20... gxf6 21. Bxb7 Rxb7 22. Bh6 b3 23. c3 23...
Rbd7 {0.52/7}) 20... gxf6 21. Qh6 Bxe4 22. dxe4 Qf8 23. Qf4 Qe7 24. Be2 a5 25.
Bb5 c4 26. c3 b3 27. Rb1 Qd6 28. Qg4 ({-0.43 Hiarcs 7.32:} 28. Qxd6 28... Rxd6
29. e5 fxe5 30. Rg4 Rc8 31. Rxc4 Rcd8 32. Re4 f5 33. Ree1 {0.16/8}) 28... Qd2
29. Re3 Qc2 30. Ree1 Rd2 31. Qf3 Kg7 32. Rec1 Rd3 33. Qg4 Qd2 34. Rd1 Qg5 35.
Qxg5 Rxd1+ 36. Rxd1 fxg5 37. Kf1 Ne5 38. g3 h5 39. Ke2 f5 40. Rd4 f4 41. gxf4
gxf4 42. h4 Kf6 43. Ba6 Rc6 44. Bb5 Rc8 45. Ba6 Rc5 46. Rd1 Rc6 47. Bb5 Rc7 48.
Rd4 Ke7 49. Rd1 Rc8 50. Rd4 Rd8 51. Rxd8 ({-1.36 Hiarcs 7.32:} 51. Ba6 51...
Rd6 52. Bb5 52... Rd8 {0.00/9}) 51... Kxd8 52. Kf1 Kc7 53. Kg2 ({
-3.33 Hiarcs 7.32:} 53. Ke2 53... Kb6 54. Kd2 Kc5 55. Be8 Nd3 56. Bxh5 Nxb2 57.
Be8 57... Nd3 {-1.42/10}) 53... Kb6 54. f3 ({-6.16 Hiarcs 7.32:} 54. Kf1 54...
Kc5 55. Ke2 Nd3 56. Be8 Nxb2 57. Kd2 57... Nd3 {-3.33/11}) 54... Kc5 55. Kf2
Nd3+ 56. Ke2 Nxb2 57. Be8 Nd3 58. Kd1 Ne1 59. Kc1 Nxf3 60. Bg6 ({
-9.39 Hiarcs 7.32:} 60. Bxh5 60... Ng1 61. Kb1 f3 62. Bxf3 Nxf3 63. h5 Ng5 64.
h6 e5 65. Kc1 {-6.40/11}) 60... Nxh4 61. Bxh5 ({-12.86 Hiarcs 7.32:} 61. Bf7
61... f3 62. Bxe6 Ng2 63. Bh3 Kd6 64. Kd1 Ne3+ 65. Kd2 b2 66. Kxe3 b1=Q 67. e5+
Kxe5 68. Kxf3 {-9.39/11}) 61... f3 62. Bg4 f2 63. Bh3 Nf3 64. Kb2 Nd2 65. e5
Kd5 66. Bg2+ Kxe5 67. Kc1 b2+ 68. Kxb2 Kf4 69. Kc2 Kg3 70. Bc6 f1=Q 71. Kxd2
Qd3+ 72. Kc1 Qxc3+ 73. Kb1 Qb3+ 74. Kc1 c3 75. Be4 Qb2+ 76. Kd1 {Hossa resigns}
0-1

[Event "ICS rated blitz match"]
[Site "204.178.125.65"]
[Date "1999.11.07"]
[Round "?"]
[White "Hossa"]
[Black "speedythought"]
[Result "1-0"]
[WhiteElo "2526"]
[BlackElo "2212"]
[PlyCount "83"]
[EventDate "1999.??.??"]

1. e4 c5 2. Nf3 d6 3. Bb5+ Bd7 4. Bxd7+ Nxd7 5. O-O Ngf6 6. Re1 g6 7. Nc3 Bg7
8. d3 O-O 9. Bg5 h6 10. Be3 Kh7 11. Qd2 a6 12. d4 cxd4 13. Nxd4 Rc8 14. f3 b5
15. a4 b4 16. Nce2 a5 17. Nb5 Ne5 18. Bd4 Nc4 19. Qd3 e5 20. b3 exd4 21. bxc4
Nd7 22. Nexd4 Ne5 23. Qe2 Nxc4 24. Red1 Qf6 25. Rab1 Rfe8 26. Qd3 Qe5 27. c3 d5
28. cxb4 dxe4 29. fxe4 Qxe4 30. Qxe4 Rxe4 31. bxa5 Nxa5 32. Nd6 Bxd4+ 33. Kh1
Rce8 34. Nxe8 Rxe8 35. Rxd4 Re7 36. Rbd1 Kg7 37. Rd7 Re4 38. Rf1 g5 39. Rdxf7+
Kg6 40. Ra7 Rxa4 41. g4 Ra3 42. Raf7 {speedythought resigns} 1-0

[Event "ICS rated blitz match"]
[Site "204.178.125.65"]
[Date "1999.11.07"]
[Round "?"]
[White "janderson"]
[Black "Hossa"]
[Result "1-0"]
[WhiteElo "2186"]
[BlackElo "2531"]
[PlyCount "139"]
[EventDate "1999.??.??"]

1. d4 Nf6 2. c4 g6 ({0.45 Hiarcs 7.32:} 2... Nc6 3. Nf3 e6 4. Bf4 Bb4+ 5. Nbd2
d5 6. e3 {0.07/7}) 3. Nc3 Bg7 4. e4 d6 5. Nf3 O-O ({0.69 Hiarcs 7.32:} 5... c5
6. Be2 Nc6 7. Be3 Qb6 8. b3 Qb4 9. Qd3 {0.40/7}) 6. Be2 e5 7. O-O Nc6 8. d5 Ne7
9. Nd2 Nd7 10. b4 f5 ({0.06 Hiarcs 7.32:} 10... a5 11. bxa5 Rxa5 12. Nb3 Ra8
13. Bg5 f6 14. Be3 {0.36/8}) 11. c5 dxc5 12. bxc5 Nxc5 13. Ba3 Nxe4 14. Ndxe4
fxe4 15. Bc4 Kh8 16. Nxe4 Rf4 17. f3 Rb8 ({-0.29 Hiarcs 7.32:} 17... a6 18. d6
cxd6 19. Nxd6 Qb6+ 20. Kh1 Qc7 21. Qb3 21... b5 {0.14/7}) 18. Re1 Qd7 ({
1.04 Hiarcs 7.32:} 18... b5 {-0.29/5}) 19. d6 cxd6 20. Nxd6 Ng8 ({
1.58 Hiarcs 7.32:} 20... h6 21. Nf7+ Kh7 22. Bd6 Rxc4 23. Bxb8 23... e4 {0.88/6
}) 21. Qd5 Nh6 22. Rxe5 Rf8 ({2.86 Hiarcs 7.32:} 22... b5 {0.91/5}) 23. Rae1
Qc6 24. Nf7+ Nxf7 25. Bxf8 Qxd5 26. Bxg7+ Kxg7 27. Rxd5 Kf8 28. Rc5 Nd6 29. Rc7
Nxc4 30. Rxc4 Bf5 31. Rc7 h6 32. Rh7 Kg8 33. Ree7 a6 34. Reg7+ Kf8 35. Rf7+ Kg8
36. Rhg7+ Kh8 37. Rxb7 Rxb7 38. Rxb7 Bd3 39. Kf2 Bc4 40. a4 Kg8 41. Rc7 Bd5 42.
a5 g5 43. Kg3 Bf7 44. Rc6 Kh7 45. Rxa6 h5 ({22.88 Hiarcs 7.32:} 45... Bc4 46.
Rd6 h5 47. a6 Bxa6 48. Rxa6 Kg7 49. h4 {10.01/9}) 46. Ra7 Kg6 47. Rxf7 Kxf7 48.
h4 Kf6 49. hxg5+ Kxg5 50. a6 h4+ 51. Kh3 Kf4 52. Kxh4 Ke3 53. a7 Kd4 54. a8=Q
Kc3 55. Qd8 Kb4 56. Kg4 Kc4 57. Kf4 Kc5 ({#10 Hiarcs 7.32:} 57... Kb4 58. g4 {
33.58/9}) 58. Ke4 Kc4 59. Qc8+ Kb5 60. Kd4 Ka4 61. Kc3 Kb5 62. Qc4+ Kb6 63. Kb4
Ka7 64. Qc5+ Kb8 ({25.62 Hiarcs 7.32:} 64... Ka6 65. Kc4 {#4/5}) 65. Kb5 Kb7
66. Qc6+ Kb8 67. Qe8+ Kc7 68. Qe7+ Kb8 ({0.00 Hiarcs 7.32:} 68... Kc8 69. Kb6 {
#2/3}) 69. Kc6 Kc8 70. Qc7# {Hossa checkmated} 1-0

[Event "ICS rated blitz match"]
[Site "204.178.125.65"]
[Date "1999.11.07"]
[Round "?"]
[White "PostModernist"]
[Black "Hossa"]
[Result "1-0"]
[WhiteElo "2631"]
[BlackElo "2503"]
[PlyCount "63"]
[EventDate "1999.??.??"]

1. e4 e5 2. Nf3 Nf6 3. Nxe5 d6 4. Nf3 Nxe4 5. c4 Nc6 6. d4 d5 7. Nc3 Bb4 8. Qc2
Bg4 9. Be2 Bxf3 10. gxf3 Nxd4 11. Qd3 Nxc3 12. bxc3 Nxe2 13. Qxe2+ Be7 14. Ba3
c5 ({-0.59 Hiarcs 7.32:} 14... c6 15. Rg1 Rg8 16. O-O-O Kf8 17. Bxe7+ Qxe7 18.
Qxe7+ Kxe7 19. cxd5 {-1.04/8}) 15. Bxc5 dxc4 ({0.00 Hiarcs 7.32:} 15... Rc8 16.
Bxe7 Qxe7 17. cxd5 17... Rxc3 {-0.59/7}) 16. Rd1 Qc7 17. Bd6 Qd7 18. O-O Kf8
19. Bxe7+ Qxe7 20. Qxc4 Kg8 ({0.37 Hiarcs 7.32:} 20... Re8 21. Qa4 Qg5+ 22. Kh1
Qc5 23. Rfe1 Rxe1+ 24. Rxe1 b5 25. Qe4 g6 26. Qd4 Qxd4 27. cxd4 {-0.33/6}) 21.
Rfe1 Qg5+ 22. Qg4 Qg6 ({0.71 Hiarcs 7.32:} 22... Qxg4+ 23. fxg4 h5 24. g5 h4
25. Re7 Rh5 26. Rd5 26... b6 {0.37/7}) 23. Rd7 Qc6 ({1.19 Hiarcs 7.32:} 23...
Qc2 24. Qd4 h6 25. Rxb7 Qxa2 26. c4 {0.71/6}) 24. Qf5 f6 ({#10 Hiarcs 7.32:} 
24... Qg6+ 25. Qxg6 hxg6 26. Rxb7 a5 27. Ree7 Rf8 28. c4 Rh5 29. Rec7 29... Re5
{1.19/7}) 25. Ree7 Kf8 26. Qg4 g6 27. Qf4 g5 28. Rf7+ Kg8 29. Rg7+ Kf8 30. Qb4+
Qc5 31. Qxc5+ Ke8 32. Qe7# {Hossa checkmated} 1-0

[Event "ICS rated blitz match"]
[Site "204.178.125.65"]
[Date "1999.11.07"]
[Round "?"]
[White "Hossa"]
[Black "NonWimp"]
[Result "0-1"]
[WhiteElo "2493"]
[BlackElo "2806"]
[PlyCount "91"]
[EventDate "1999.??.??"]

1. d4 g6 2. e4 Nf6 3. e5 Nh5 4. Be2 d6 5. Bxh5 gxh5 6. Nf3 Rg8 7. O-O dxe5 8.
Nxe5 Qd5 9. f3 Nc6 10. Nc3 Qxd4+ 11. Qxd4 Nxd4 12. Nd5 Ne6 13. Rd1 c6 14. Ne3
Nf4 15. Kh1 Bg7 16. Nd3 Nxd3 17. Rxd3 Be6 18. a4 h4 19. Kg1 Bh3 20. Kf2 Bd7 21.
f4 Bh6 22. Kf3 O-O-O 23. b4 c5 24. b5 h3 25. g4 Bg7 26. Raa3 Bd4 27. g5 Rge8
28. Rd2 e5 29. Ke4 f5+ 30. gxf6 exf4+ 31. Kxf4 Be5+ 32. Kf3 Bxf6 33. Rad3 Bg5
34. c4 Re5 35. Ke2 Bg4+ 36. Kf1 Rf8+ 37. Rf2 Rfe8 38. Rd5 Bxe3 39. Rxe5 Rxe5
40. Bxe3 Rxe3 41. Rf8+ Kc7 42. Rf4 h5 43. Rf7+ Bd7 44. a5 Rc3 45. Rf4 Rxc4 46.
Rf7 {Hossa resigns} 0-1

[Event "ICS rated blitz match"]
[Site "204.178.125.65"]
[Date "1999.11.07"]
[Round "?"]
[White "Hossa"]
[Black "PostModernist"]
[Result "0-1"]
[WhiteElo "2516"]
[BlackElo "2648"]
[PlyCount "102"]
[EventDate "1999.??.??"]

1. e4 c5 2. Nf3 Nc6 3. Bb5 d6 4. d4 cxd4 5. Nxd4 Bd7 6. O-O Nf6 7. Nc3 g6 8.
Nxc6 bxc6 9. Be2 Bg7 10. f4 Qb6+ 11. Rf2 Ng8 12. Kf1 f5 13. exf5 Bxf5 14. Rf3
Qd4 15. h3 Qxd1+ 16. Bxd1 h5 17. Ne2 O-O-O 18. Ng3 Be6 19. Ra3 Bd4 20. Be2 Rf8
21. Ra4 Bb6 22. Bd2 Kb8 23. Bd3 h4 24. Bc3 Rh7 25. Ne2 Bf7 26. Rd1 Nf6 27. Nd4
Nd5 28. Bd2 Be8 29. Ne6 Rf6 30. Re1 Bd7 31. Ng5 Rg7 32. Ne4 Rf8 33. Ng5 e5 34.
Nf3 exf4 35. Re2 g5 36. Ba5 c5 37. Ra3 Ne3+ 38. Kg1 g4 39. Nxh4 gxh3 40. Bxb6
axb6 41. Rf2 Nd1 42. Rd2 f3 43. Rxd1 f2+ 44. Kh2 hxg2 45. Ra8+ Kxa8 46. Ng6
g1=Q+ 47. Rxg1 Rh7+ 48. Kg2 Bc6+ 49. Be4 Bxe4+ 50. Kf1 fxg1=Q+ 51. Kxg1 51...
Rh1# {Hossa checkmated} 0-1